Statistics for Born in Addis Ababa

Click here to take the quiz!

General Stats

  • This quiz has been taken 3 times
  • The average score is 6 of 9

Answer Stats

HintAnswer% Correct
President of Ethiopia since 2018 and first woman to hold the office1950Sahle-Work Zewde
100%
President of Ethiopia from 2001 to 20131924Girma Wolde-Giorgis
67%
Model, she is considered a supermodel and appeared on the cover of the "Vogue" several times and at one point among the top-earning models of the world1978Liya Kebede
67%
Long-distance runner and two-time Olympic champion over 5000 metres1983Meseret Defar
67%
Prime Minister of Ethiopia in 1974 and relative of Emperor Haile Selassie1929Mikael Imru
67%
Irish actress who was nominated for the Academy Award for her portrayal of Mildred Loving in "Loving"1981Ruth Negga
67%
Head of state of Ethiopia from 1974 to 1977 in his role as second chairman of the ruling military junta1921Tafari Benti
67%
Long-distance runner and Olympic silver medalist over 3000 metres1987Sofia Assefa
33%
Prime Minister of Ethiopia from 1991 to 19951955Tamrat Layne
33%

Score Distribution

Percentile by Number Answered

Percent of People with Each Score

Your Score History

You have not taken this quiz